01078cam a22002771 4500001001300000003000400013005001700017008004100034010001700075035001900092040005200111042001200163050002500175082001400200100003000214245006600244260005400310300003800364410006700402500008400469500005900553500006400612610004800676650005900724999001700783l 45000038 DLC20260227111539.0810807s1945 dcuf f000 0 eng c al 45000038  a(OCoLC)7648688 aU.S. Dept. of Labor. Libr.cViBlbVdViBlbVdDLC apremarc00aHD8051b.A62 no. 831 a331.061731 aHosea, Harold Richardson.10aFact-finding activities of the Bureau of Labor Statistics ... aWashington, D.C.,bU.S. Govt. Print. Off.c[1945] a1 p. l., iii, 27 p., 1 l.c23 cm.10aUnited States.bBureau of Labor Statistics.tBulletinvno. 831 aAt head of title: United States Dept. of Labor ... Bureau of Labor Statistics. a"Prepared by Harold R. Hosea."--Letter of transmittal. a"Reprinted from the Monthly Labor Review, May 1945."--p. 1.10aUnited States.bBureau of Labor Statistics. 0aLabor and laboring classeszUnited StatesvStatistics. c36498d36498